STEP-BY-STEP PORTRAITS FROM SIMPLE SHAPES : (Record no. 204286)
[ view plain ]
| 000 -LEADER | |
|---|---|
| fixed length control field | 02963nam a2200325 i 4500 |
| 003 - CONTROL NUMBER IDENTIFIER | |
| control field | OSt |
| 005 - DATE AND TIME OF LATEST TRANSACTION | |
| control field | 20260525122318.0 |
| 008 - FIXED-LENGTH DATA ELEMENTS--GENERAL INFORMATION | |
| fixed length control field | 260514t20242024-ukao fr 001 0beng d |
| 020 ## - INTERNATIONAL STANDARD BOOK NUMBER | |
| International Standard Book Number | 9781446310007 |
| Terms of availability | RM110.00 |
| Qualifying information | paperback |
| 040 ## - CATALOGING SOURCE | |
| Original cataloging agency | PPAK |
| Language of cataloging | eng |
| Transcribing agency | PPAK |
| Description conventions | rda |
| 082 04 - DEWEY DECIMAL CLASSIFICATION NUMBER | |
| Edition number | 23 |
| Classification number | 743.42 |
| 090 00 - LOCALLY ASSIGNED LC-TYPE CALL NUMBER (OCLC); LOCAL CALL NUMBER (RLIN) | |
| Classification number (OCLC) (R) ; Classification number, CALL (RLIN) (NR) | 743.42 |
| Feature heading | ART |
| Feature heading | R |
| 100 1# - MAIN ENTRY--PERSONAL NAME | |
| Personal name | Arty, Sin, |
| Relator term | author. |
| 245 10 - TITLE STATEMENT | |
| Title | STEP-BY-STEP PORTRAITS FROM SIMPLE SHAPES : |
| Remainder of title | A beginner's guide to drawing faces in proportion / |
| Statement of responsibility, etc. | Sin Arty ; Managing Editor: Jeni Chown ; Project Editor: Jenny Fox-Proverbs ; Photography: Jason Jenkins |
| 264 #1 - PRODUCTION, PUBLICATION, DISTRIBUTION, MANUFACTURE, AND COPYRIGHT NOTICE | |
| Place of production, publication, distribution, manufacture | Exeter, England : |
| Name of producer, publisher, distributor, manufacturer | DAVID & CHARLES, |
| Date of production, publication, distribution, manufacture, or copyright notice | 2024 |
| Date of production, publication, distribution, manufacture, or copyright notice | ©2024 |
| 300 ## - PHYSICAL DESCRIPTION | |
| Extent | 143 pages : |
| Other physical details | illustrations, colour photographs ; |
| Dimensions | 28 cm |
| 336 ## - CONTENT TYPE | |
| Content type term | text |
| Source | rdacontent |
| 337 ## - MEDIA TYPE | |
| Media type term | unmediated |
| Source | rdamedia |
| 338 ## - CARRIER TYPE | |
| Carrier type term | volume |
| Source | rdacarrier |
| 500 ## - GENERAL NOTE | |
| General note | Includes index. |
| 520 ## - SUMMARY, ETC. | |
| Summary, etc. | Feel the fear and draw faces anyway Many beginner artists feel intimidated by drawing portraits - getting faces and anatomy in proportion can seem really difficult. But it doesn't have to be This book alleviates all those anxieties by training the eye to look for simple forms first, and to use this foundation to free the artist to develop their portrait drawing skills. Through the meticulously designed exercises and step-by-step tutorials in this book, internet art guru Satyajit Sinari - better known as SinArty - helps artists unlock their portrait drawing potential and create intricate artworks, starting from really simple shapes and building up to more advanced sketching and shading techniques, in graphite and charcoal pencil. In this eye-opening and generous sharing of his personal techniques, SinArty explains that to be a good artist is to be a good critic of art. Understanding proportion and training the eye to spot mistakes is a crucial step in the process. This book teaches you how to critique your own art while drawing, as well as how to perfect your linework, pencil pressure, control and more. This comprehensive guide covers everything from how to hold the pencil to intermediate-level shading techniques to create contrast and depth in drawings. Packed with easy-to-follow guidance, this unique book will help readers to become better artists and create a solid base to take into other genres besides portraits. With a focus on drawing from references rather than life, the tutorials include portraits of living subjects, drawings of sculptures, and human anatomy. The book also touches on composition and drawing from the imagination. Start from simple shapes and watch your portrait drawing skills flourish with this fool-proof step-by-step guide. |
| 650 10 - SUBJECT ADDED ENTRY--TOPICAL TERM | |
| Topical term or geographic name entry element | Portrait drawing |
| General subdivision | Techniques |
| Topical term or geographic name entry element | Portrait drawing |
| General subdivision | Collections |
| Topical term or geographic name entry element | Portrait painting |
| 700 1# - ADDED ENTRY--PERSONAL NAME | |
| Personal name | Chown, Jeni, |
| Relator term | editor. |
| Personal name | Fox-Proverbs, Jenny, |
| Relator term | editor. |
| Personal name | Jenkins, Jason, |
| Relator term | photographer. |
| 942 ## - ADDED ENTRY ELEMENTS (KOHA) | |
| Source of classification or shelving scheme | Dewey Decimal Classification |
| Koha item type | Book |
No items available.